LIBRARY & INFORMATION CENTRE, KCAET, TAVANUR

ONLINE PUBLIC ACCESS CATALOGUE (OPAC)

Course in thermal engineering (Record no. 13891)

MARC details
000 -LEADER
fixed length control field 00308nam a22001217a 4500
082 ## - DEWEY DECIMAL CLASSIFICATION NUMBER
Classification number 621.402
Item number KOT/CO
100 ## - MAIN ENTRY--AUTHOR NAME
Personal name Kothandaraman,C.P
245 ## - TITLE STATEMENT
Title Course in thermal engineering
260 ## - PUBLICATION, DISTRIBUTION, ETC. (IMPRINT)
Place of publication New Delhi
Name of publisher Dhanpat Rai & Co. (P) Ltd.
Year of publication 2011
700 ## - ADDED ENTRY--PERSONAL NAME
Personal name Domkundwar,S
700 ## - ADDED ENTRY--PERSONAL NAME
Personal name Anand Domkundwar
942 ## - ADDED ENTRY ELEMENTS (KOHA)
Koha item type Books
Holdings
Withdrawn status Lost status Damaged status Collection code Home library Current library Shelving location Date acquired Source of acquisition Cost, normal purchase price Full call number Accession Number Koha item type
      Non-fiction KAUAET KAUAET General Stacks 30/03/2013 Calicut Book Distributors 490.00 621.402 KOT/CO 23717 Books
free website counter